[Event "JAHI"]
[Site "SchemingMind.com"]
[Date "2017.04.30"]
[Round "-"]
[White "John Willis"]
[Black "Robert Bruce"]
[Result "0-1"]
[WhiteCountry "USA"]
[BlackCountry "SCO"]
[WhiteElo "1651"]
[WhiteRD "99"]
[BlackElo "2353"]
[BlackRD "75"]
[GameID "413408"]

1. c4 e6 2. Nf3 d5 3. d4 c6 4. Nbd2 f5 5. g3 Nd7 6. Bg2 Bd6 7. O-O Qf6 8. Nb3 Qe7 9. a3 Ngf6 10. c5 Bc7
11. Bd2 Ne4 12. Bb4 a5 13. Bd2 O-O 14. Bf4 e5 15. Nxe5 Nxe5 16. dxe5 g5 17. Be3 a4 18. Nd2 f4 19. Bd4 fxg3 20. Nxe4 gxh2+
21. Kxh2 dxe4 22. e3 Bxe5+ 23. Kg1 Rd8 24. Re1 Bf5 25. f3 Qf6 26. Qc2 Rxd4 27. exd4 Bxd4+ 28. Kf1 exf3 29. Qc4+ Kg7 30. Bxf3 Bh3+
31. Ke2 Re8+ 32. Kd3 Qxf3+ 33. Kxd4 Rd8+ 34. Ke5 Qf5#
0-1

[Event "JAHI"]
[Site "SchemingMind.com"]
[Date "2017.04.30"]
[Round "-"]
[White "Robert Bruce"]
[Black "John Willis"]
[Result "1-0"]
[WhiteCountry "SCO"]
[BlackCountry "USA"]
[WhiteElo "2353"]
[WhiteRD "75"]
[BlackElo "1651"]
[BlackRD "99"]
[GameID "413409"]

1. f4 Nf6 2. Nf3 c5 3. g3 g6 4. Bg2 Bg7 5. O-O O-O 6. d3 d5 7. Qe1 Nc6 8. Na3 b6 9. c3 Ba6 10. b4 cxb4
11. cxb4 b5 12. Nc2 Ne8 13. Rb1 Nc7 14. Bb2 Bxb2 15. Rxb2 h5 16. Ncd4 Qd7 17. Qc3 Nxd4 18. Nxd4 Ne6 19. Qc6 Qc8 20. Bxd5 Nxd4
21. Qxg6+ Kh8 22. Qxh5+ Kg7 23. Qg5+ Kh7 24. f5 Bb7 25. f6 exf6 26. Rxf6 Qh3 27. Bxb7 Ne6 28. Be4+ Kh8 29. Rh6+ Qxh6 30. Qxh6+ Kg8
31. Qh7#
1-0

[Event "JAHI"]
[Site "SchemingMind.com"]
[Date "2017.05.09"]
[Round "-"]
[White "JAHI"]
[Black "Transcendent"]
[Result "1-0"]
[WhiteCountry "INT"]
[BlackCountry "ENG"]
[WhiteElo "2059"]
[WhiteRD "63"]
[BlackElo "1619"]
[BlackRD "70"]
[GameID "413768"]

1. c3 d5 2. Qc2 e5 3. d3 Bd6 4. g3 Nf6 5. Bg5 O-O 6. Bxf6 Qxf6 7. Bg2 c6 8. Nd2 Bf5 9. h3 Bc5 10. e3 Nd7
11. Ngf3 Rfe8 12. e4 dxe4 13. Nxe4 Bxe4 14. dxe4 Rad8 15. Rd1 Nf8 16. Rxd8 Rxd8 17. h4 Ne6 18. b3 g5 19. hxg5 Nxg5 20. Qe2 Nxf3+
21. Qxf3 Qg5 22. Qd1 Rxd1+ 23. Kxd1 Ba3 24. Kc2 Qf6 25. Rf1 a5 26. Bh1 Qe6 27. Bf3 a4 28. Bg2 b5 29. Bf3 c5 30. Be2 axb3+
31. axb3 c4 32. Rb1 Bc5 33. f3 f5 34. bxc4 bxc4 35. Rb5 Be3 36. Rb4 fxe4 37. Bxc4 Qxc4 38. Rxc4 exf3 39. Kd3 Bg1 40. Re4 Bh2
41. Ke3 Bxg3 42. Rg4+
1-0

[Event "JAHI"]
[Site "SchemingMind.com"]
[Date "2017.05.09"]
[Round "-"]
[White "Transcendent"]
[Black "JAHI"]
[Result "0-1"]
[WhiteCountry "ENG"]
[BlackCountry "INT"]
[WhiteElo "1638"]
[WhiteRD "72"]
[BlackElo "2169"]
[BlackRD "67"]
[GameID "413769"]

1. d4 c6 2. e4 Qc7 3. Nc3 e6 4. f4 Bb4 5. Qf3 Bxc3+ 6. Qxc3 d6 7. Nf3 d5 8. e5 b6 9. Bd3 Bb7 10. O-O Ne7
11. Be3 Ba6 12. Rad1 Bxd3 13. Qxd3 Nd7 14. b3 Rc8 15. c4 Qb7 16. g4 dxc4 17. bxc4 b5 18. Nd2 Qa6 19. f5 bxc4 20. Nxc4 Kd8
21. Nd6 Qxd3 22. Rxd3 Rf8 23. Nxc8 Nxc8 24. fxe6 fxe6 25. Rxf8+ Nxf8 26. Rb3 Nb6 27. Kg2 Ng6 28. Kg3 Nd5 29. Bg5+ Kc8 30. h4 h6
31. Bd2 h5 32. gxh5 Nge7 33. Kg4 Nf5 34. Bc3 a6 35. Ba5 Nxd4 36. Rb1 Ne7 37. Rf1 Nef5 38. Bd2 Kc7 39. a4 c5 40. Rc1 Nb3
41. Rc2 Kc6 42. Bf4 Kd5 43. Rc3 c4 44. Bh2 Kd4 45. Rf3 c3 46. Bg1+ Kc4 47. Rxf5 exf5+ 48. Kxf5 c2 49. Be3 Kd3 50. Bc1 Nxc1
51. e6 Ne2 52. e7 c1=Q 53. e8=Q Nd4+ 54. Kg6 Qh6+ 55. Kf7 Qxh5+ 56. Kf8 Qxe8+ 57. Kxe8 Nf5 58. Kf7 Nxh4 59. Kxg7 Kc4
0-1

[Event "JAHI"]
[Site "SchemingMind.com"]
[Date "2017.05.12"]
[Round "-"]
[White "ray winteringham"]
[Black "chesshub"]
[Result "0-1"]
[WhiteCountry "ENG"]
[BlackCountry "FRA"]
[WhiteElo "1481"]
[WhiteRD "52"]
[BlackElo "2606"]
[BlackRD "84"]
[GameID "413945"]

1. e4 e5 2. Nf3 Nc6 3. g3 Nf6 4. d3 d5 5. exd5 Nxd5 6. Bg2 Bc5 7. Qe2 O-O 8. O-O Bg4 9. Qe1 Qd7 10. Bd2 Rae8
11. Nc3 f5 12. Nxd5 Qxd5 13. Ng5 Qd7 14. Qb1 h6 15. Nf3 e4 16. Ne1 Be2 17. c4 Bxf1 18. Bxf1 f4 19. Bxf4 e3 20. Bxe3 Rxe3
21. fxe3 Bxe3+ 22. Kh1 Rxf1+ 23. Kg2 Rf2+ 24. Kg1 Qh3
0-1

[Event "JAHI"]
[Site "SchemingMind.com"]
[Date "2017.05.12"]
[Round "-"]
[White "chesshub"]
[Black "ray winteringham"]
[Result "1-0"]
[WhiteCountry "FRA"]
[BlackCountry "ENG"]
[WhiteElo "2606"]
[WhiteRD "84"]
[BlackElo "1481"]
[BlackRD "52"]
[GameID "413946"]

1. e4 e5 2. Nf3 Nc6 3. Bb5 d6 4. O-O Bd7 5. c3 g6 6. d4 Bg7 7. Qb3 Be6 8. d5 Bg4 9. dxc6 b6 10. Bc4 Qe7
11. Ng5 Nf6 12. Bxf7+ Kf8 13. Bc4 Nxe4 14. f3 Nxc3 15. fxg4+ Ke8 16. Nxc3 Bf6 17. Nd5 Qd8 18. Nxf6+
1-0

[Event "JAHI"]
[Site "SchemingMind.com"]
[Date "2017.05.18"]
[Round "-"]
[White "Clive Everill"]
[Black "Trevor Brotherton"]
[Result "0-1"]
[WhiteCountry "CZE"]
[BlackCountry "ENG"]
[WhiteElo "1726"]
[WhiteRD "63"]
[BlackElo "2509"]
[BlackRD "87"]
[GameID "414073"]

1. Nf3 Nf6 2. c4 e6 3. Nc3 Bb4 4. Qc2 O-O 5. a3 Bxc3 6. Qxc3 b6 7. b4 a5 8. b5 d6 9. Bb2 Bb7 10. g4 e5
11. h3 c6 12. a4 cxb5 13. axb5 Nbd7 14. Bg2 Rc8 15. d3 Nd5 16. Qd2 Nf4 17. O-O f5 18. gxf5 Bxf3 19. exf3 Qg5
0-1

[Event "JAHI"]
[Site "SchemingMind.com"]
[Date "2017.05.18"]
[Round "-"]
[White "Trevor Brotherton"]
[Black "Clive Everill"]
[Result "1-0"]
[WhiteCountry "ENG"]
[BlackCountry "CZE"]
[WhiteElo "2528"]
[WhiteRD "85"]
[BlackElo "1756"]
[BlackRD "61"]
[GameID "414074"]

1. g3 d5 2. Bg2 c6 3. d3 Nf6 4. Nf3 Bg4 5. O-O Nbd7 6. Nbd2 e5 7. e4 dxe4 8. dxe4 Bc5 9. Qe1 O-O 10. h3 Bh5
11. a4 Ne8 12. Nc4 f6 13. b4 Be7 14. Qc3 Qc7 15. Rd1 b5 16. g4 Bf7 17. Na5 Nb8 18. Nh4 Nd7 19. Nf5 Bd8 20. axb5 c5
21. Nc6 c4 22. Be3 Be6 23. Bxa7 Qb7 24. Bf1 Bb6 25. Bxc4 Bxc4 26. Qxc4+ Kh8 27. Bxb6 Nxb6 28. Qc5 Rf7 29. Rxa8 Nxa8 30. Nd8
1-0

[Event "JAHI"]
[Site "SchemingMind.com"]
[Date "2017.05.23"]
[Round "-"]
[White "William Lindberg"]
[Black "Scooter"]
[Result "1-0"]
[WhiteCountry "USA"]
[BlackCountry "USA"]
[WhiteElo "2391"]
[WhiteRD "80"]
[BlackElo "1739"]
[BlackRD "53"]
[GameID "414325"]

1. c4 Nf6 2. d4 g6 3. Nf3 Bg7 4. Nc3 O-O 5. e4 d6 6. Be2 Bg4 7. Be3 Bxf3 8. Bxf3 Nbd7 9. O-O e5 10. d5 Re8
11. b4 Nb6 12. Qb3 c6 13. Rac1 cxd5 14. cxd5 a6 15. Rc2 Rc8 16. Rfc1 Nc4 17. Nd1 b5 18. Nb2 Nxe3 19. Rxc8
1-0

[Event "JAHI"]
[Site "SchemingMind.com"]
[Date "2017.05.24"]
[Round "-"]
[White "Scooter"]
[Black "William Lindberg"]
[Result "0-1"]
[WhiteCountry "USA"]
[BlackCountry "USA"]
[WhiteElo "1739"]
[WhiteRD "53"]
[BlackElo "2391"]
[BlackRD "80"]
[GameID "414326"]

1. d4 d5 2. Nf3 Nf6 3. Bf4 c5 4. c3 Nc6 5. e3 Nh5 6. Bb5 Qb6 7. Bxc6+ bxc6 8. Qb3 Nxf4 9. exf4 cxd4 10. Nxd4 Qc7
11. g3 e5 12. Ne2 Rb8 13. Qc2 exf4 14. Nxf4 Qe5+ 15. Qe2 Qxe2+ 16. Nxe2 Rxb2 17. Nd4 c5 18. Nb3 c4 19. Nd4 Bc5 20. O-O Bh3
21. Re1+ Kd7 22. Re2 Rxe2 23. Nxe2 Re8
0-1

[Event "JAHI"]
[Site "SchemingMind.com"]
[Date "2017.07.01"]
[Round "-"]
[White "black cloud"]
[Black "Michael Christensen"]
[Result "1/2-1/2"]
[WhiteCountry "ENG"]
[BlackCountry "GER"]
[WhiteElo "1825"]
[WhiteRD "89"]
[BlackElo "1761"]
[BlackRD "124"]
[GameID "415656"]

1. Nf3 Nf6 2. g3 g6 3. Bg2 Bg7 4. O-O O-O 5. d3 c5 6. e4 Nc6 7. c3 Qb6 8. Re1 e6 9. d4 cxd4 10. Nxd4 Nxd4
11. cxd4 d5 12. e5 Ne8 13. Nc3 Nc7 14. Rb1 Bd7 15. Be3 Rfc8 16. Qd2 Nb5 17. Rec1 Rc7 18. Nxb5 Rxc1+ 19. Rxc1 Qxb5 20. Bf1=
1/2-1/2

[Event "JAHI"]
[Site "SchemingMind.com"]
[Date "2017.07.01"]
[Round "-"]
[White "Michael Christensen"]
[Black "black cloud"]
[Result "1-0"]
[WhiteCountry "GER"]
[BlackCountry "ENG"]
[WhiteElo "1761"]
[WhiteRD "124"]
[BlackElo "1825"]
[BlackRD "89"]
[GameID "415657"]

1. e4 e6 2. f4 d5 3. Nc3 d4 4. Nce2 c5 5. Nf3 Nc6 6. Ng3 Nge7 7. d3 g6 8. Be2 Bg7 9. O-O O-O 10. h4 Qc7
11. h5 b6 12. hxg6 hxg6 13. Kf2 f5 14. e5 Nd5 15. Rh1 Nce7 16. Ng5 Ne3 17. Qg1 Ng4+ 18. Bxg4 fxg4 19. Qh2 Rxf4+ 20. Bxf4
1-0

[Event "JAHI"]
[Site "SchemingMind.com"]
[Date "2017.07.05"]
[Round "-"]
[White "Wojtek26"]
[Black "aliwood"]
[Result "1-0"]
[WhiteCountry "POL"]
[BlackCountry "ENG"]
[WhiteElo "1515"]
[WhiteRD "52"]
[BlackElo "1253"]
[BlackRD "61"]
[GameID "415884"]

1. d4 d5 2. c4 e6 3. e3 Nf6 4. Nf3 Be7 5. Be2 O-O 6. O-O c5 7. Nc3 Nc6 8. a3 a6 9. Ne5 Nxe5 10. dxe5 Ne4
11. Nxe4 dxe4 12. b3 b6 13. Qc2 Bb7 14. Rd1 Qc7 15. Bb2 Rad8 16. a4 f5 17. exf6 Bxf6 18. Bxf6 Rxf6 19. Rxd8+ Qxd8 20. Bg4 Qf8
21. Rd1 Rxf2 22. Qxf2 Qxf2+ 23. Kxf2 Bc8 24. Rd8+
1-0

[Event "JAHI"]
[Site "SchemingMind.com"]
[Date "2017.07.07"]
[Round "-"]
[White "aliwood"]
[Black "Wojtek26"]
[Result "0-1"]
[WhiteCountry "ENG"]
[BlackCountry "POL"]
[WhiteElo "1253"]
[WhiteRD "61"]
[BlackElo "1515"]
[BlackRD "52"]
[GameID "415885"]

1. Nf3 d5 2. d4 Nf6 3. e3 e6 4. Be2 Bd6 5. O-O O-O 6. c4 c5 7. Nc3 Bd7 8. b3 Nc6 9. Nb5 Be7 10. Ne5 Nxe5
11. dxe5 Ne4 12. Bb2 a6 13. Nd6 Nxd6 14. exd6 Bxd6 15. Bh5 Qc7 16. g3 e5 17. cxd5 Bh3 18. Re1 g6 19. Bf3 Qe7 20. Bg2 Bxg2
21. Kxg2 f5 22. Ba3 b6 23. Kg1 e4 24. Rc1 Rad8 25. Qc2 h5 26. f4 exf3 27. Rf1 Qxe3+ 28. Kh1 Rde8 29. Bb2 Re4 30. Rce1 Qxe1
31. Rxe1 Rxe1#
0-1

[Event "JAHI"]
[Site "SchemingMind.com"]
[Date "2017.07.05"]
[Round "-"]
[White "John Hamer"]
[Black "Don71"]
[Result "0-1"]
[WhiteCountry "ENG"]
[BlackCountry "NIR"]
[WhiteElo "2012"]
[WhiteRD "67"]
[BlackElo "2353"]
[BlackRD "88"]
[GameID "416015"]

1. d4 Nf6 2. c4 e6 3. Nf3 d5 4. Nc3 c5 5. Bf4 cxd4 6. Nxd4 Nbd7 7. Qa4 Bc5 8. cxd5 O-O 9. Nb3 Nb6 10. Qb5 Bd6
11. Bxd6 Qxd6 12. dxe6 Bxe6 13. e3 Nfd5 14. Ne4 Qe7 15. Bd3 Nb4 16. Bb1 Bd5 17. Nc3 Bxg2 18. Rg1 Bc6 19. Qh5 g6 20. Nd4 N4d5
21. Nf5 Qf6 22. Nd4 Nxc3 23. bxc3 Rfe8 24. Rg4 Nd5 25. Qh4 Qd6 26. Be4 Qa3 27. Kf1 Qxc3 28. Re1 Nxe3+ 29. Rxe3 Qxd4 30. Bxc6 Qd1+
31. Kg2 Rxe3 32. fxe3 Qe2+ 33. Kg3 bxc6 34. Qe7 Qxa2 35. Qd7 Qa1 36. Qxc6 Qe5+ 37. Kf3 Re8 38. e4 Rb8 39. h4 Rb3+ 40. Kg2 Qb2+
0-1

[Event "JAHI"]
[Site "SchemingMind.com"]
[Date "2017.07.05"]
[Round "-"]
[White "Don71"]
[Black "John Hamer"]
[Result "1-0"]
[WhiteCountry "NIR"]
[BlackCountry "ENG"]
[WhiteElo "2353"]
[WhiteRD "88"]
[BlackElo "2012"]
[BlackRD "67"]
[GameID "416016"]

1. e4 e5 2. Nf3 Nc6 3. d4 exd4 4. Nxd4 Bc5 5. Nb3 Bb6 6. Nc3 Nf6 7. a4 a6 8. Be2 d6 9. O-O h6 10. a5 Ba7
11. Qd3 O-O 12. Qg3 Kh8 13. Be3 Be6 14. Bxa7 Rxa7 15. Nd2 Re8 16. f4 Nd4 17. Bd3 Ra8 18. Rfe1 Rc8 19. Nf1 Qe7 20. Ne3 Rcd8
21. Qf2 c5 22. f5 Bd7 23. Ned5 Qe5 24. Nxf6 Qxf6 25. Nd5 Qg5 26. h4 Qg4 27. Ne3 Qh5 28. c3 Nxf5 29. exf5 f6 30. g4 Qf7
31. Bc4 Qf8 32. Ng2 Rxe1+ 33. Rxe1 Re8 34. Nf4 Rxe1+ 35. Qxe1 Qd8 36. Ng6+ Kh7 37. Qe7
1-0

[Event "JAHI"]
[Site "SchemingMind.com"]
[Date "2017.07.17"]
[Round "-"]
[White "nic_car"]
[Black "frankly"]
[Result "0-1"]
[WhiteCountry "ITA"]
[BlackCountry "ENG"]
[WhiteElo "1983"]
[WhiteRD "92"]
[BlackElo "2533"]
[BlackRD "59"]
[GameID "416392"]

1. e4 c5 2. Nf3 Nc6 3. d4 cxd4 4. Nxd4 Nf6 5. Nc3 e5 6. Ndb5 d6 7. Bg5 a6 8. Na3 b5 9. Bxf6 gxf6 10. Nd5 f5
11. Bd3 Be6 12. c3 Bg7 13. Qh5 O-O 14. exf5 Bxd5 15. f6 e4 16. fxg7 Re8 17. Be2 Re5 18. Qh6 Rg5 19. Nc2 Rxg2 20. Ne3 Rg6
21. Qf4 Be6 22. Qxe4 d5 23. Qf4 d4 24. cxd4 Qa5+ 25. Kd1 Nxd4 26. Bd3 Nb3
0-1

[Event "JAHI"]
[Site "SchemingMind.com"]
[Date "2017.07.17"]
[Round "-"]
[White "frankly"]
[Black "nic_car"]
[Result "1-0"]
[WhiteCountry "ENG"]
[BlackCountry "ITA"]
[WhiteElo "2533"]
[WhiteRD "59"]
[BlackElo "1983"]
[BlackRD "92"]
[GameID "416393"]

1. d4 Nf6 2. c4 e6 3. Nf3 c5 4. d5 exd5 5. cxd5 d6 6. Nc3 g6 7. Bf4 Bg7 8. Qa4+ Bd7 9. Qb3 Qc7 10. e4 O-O
11. Nd2 Nh5 12. Be3 f5 13. exf5 Bxf5 14. Be2 Nf6 15. Nc4 a6 16. Qb6 Qxb6 17. Nxb6 Ra7 18. O-O-O Nbd7 19. Nc4 Ne8 20. g4 Bxc3
21. gxf5 Bg7 22. fxg6 hxg6 23. Rhg1 b5 24. Na5 Ne5 25. f4 Nc4 26. Nxc4 bxc4 27. Rxg6 Rb7 28. Bxc4 Kf7 29. Rg2 Nc7 30. h4 Re8
31. Bxc5
1-0

[Event "JAHI"]
[Site "SchemingMind.com"]
[Date "2017.07.19"]
[Round "-"]
[White "Quaff"]
[Black "fu_manchu"]
[Result "1/2-1/2"]
[WhiteCountry "ENG"]
[BlackCountry "CAN"]
[WhiteElo "1553"]
[WhiteRD "61"]
[BlackElo "1859"]
[BlackRD "68"]
[GameID "416478"]

1. e4 c5 2. f4 Nc6 3. Nf3 g6 4. c3 Bg7 5. Bb5 d6 6. d3 Qb6 7. Bxc6+ Qxc6 8. O-O Nf6 9. h3 O-O 10. Be3 Nh5
11. Qe1 Qb5 12. Qd2 Bd7 13. a4 Qc6 14. Kh2 c4 15. e5 cxd3 16. Qxd3 dxe5 17. Nxe5 Bxe5 18. fxe5 Rad8 19. Bd4 Ng7 20. Nd2 Bf5
21. Qf3 Qc7 22. b4 Ne6 23. Nb3 Nxd4 24. Nxd4 Qxe5+ 25. Kg1 e6 26. Nxf5 exf5 27. Qxb7 a5 28. bxa5 Qxa5 29. Qb4 Qe5 30. a5 Rb8
31. Qd4 Qxd4+ 32. cxd4 Rfd8 33. Rfd1 Ra8 34. Kf2 Rd7 35. d5 Rda7 36. d6 Kf8 37. Rd5 Ke8 38. Ke3 Kd7 39. Kd4 Ra6 40. Ke5 Re8+
41. Kf6 Rxd6+ 42. Rxd6+ Kxd6 43. Kxf7 Re7+ 44. Kf6 Ra7 45. Kg5 Kc6 46. Kh6 Kb5 47. a6 Kc5 48. Kg5 Kd5 49. Kf4 Ke6 50. Ra2 h6
51. Ra3 Kf6 52. Kf3 g5 53. g4 fxg4+ 54. Kxg4 Kg6 55. Ra4 h5+ 56. Kg3 h4+ 57. Kg2 Kh5 58. Ra5 Kh6 59. Ra4 Kh5 60. Ra5 Kh6
61. Ra4 Kh5 62. Ra5
1/2-1/2

[Event "JAHI"]
[Site "SchemingMind.com"]
[Date "2017.07.19"]
[Round "-"]
[White "fu_manchu"]
[Black "Quaff"]
[Result "1/2-1/2"]
[WhiteCountry "CAN"]
[BlackCountry "ENG"]
[WhiteElo "1859"]
[WhiteRD "68"]
[BlackElo "1553"]
[BlackRD "61"]
[GameID "416479"]

1. e4 e5 2. Nc3 h6 3. Bc4 Nf6 4. Nf3 d6 5. d4 exd4 6. Nxd4 Be7 7. O-O Bd7 8. Re1 Nc6 9. Nxc6 Bxc6 10. e5 dxe5
11. Qxd8+ Rxd8 12. Rxe5 Rd7 13. Re1 O-O 14. Be3 b6 15. Nb5 Bxb5 16. Bxb5 Rdd8 17. Bxh6 Bc5 18. Bg5 Rd6 19. Rad1 Rxd1 20. Rxd1 Ne4
21. Bf4 Nxf2 22. Rf1 Nd3+ 23. Kh1 Nxf4 24. Rxf4 Rd8 25. Bd3 Re8 26. Rf1 a5 27. Bc4 Rf8 28. a3 Bd6 29. g4 g6 30. h4 Kg7
31. Kg2 Be5 32. c3 f6 33. Be2 Rd8 34. Rd1 Rxd1 35. Bxd1= c5 36. a4= Kh6 37. Kf3 g5=
1/2-1/2

[Event "JAHI"]
[Site "SchemingMind.com"]
[Date "2017.08.08"]
[Round "-"]
[White "kenneth m day"]
[Black "Ronald R. Nurmi"]
[Result "1/2-1/2"]
[WhiteCountry "USA"]
[BlackCountry "USA"]
[WhiteElo "1726"]
[WhiteRD "60"]
[BlackElo "1707"]
[BlackRD "83"]
[GameID "417143"]

1. e4 d5 2. exd5 Qxd5 3. Nc3 Qd6 4. d4 Nf6 5. Nf3 c6 6. Be2 Bf5 7. O-O Nbd7 8. h3 e6 9. Bg5 Be7 10. Bd3 Bxd3
11. Qxd3 O-O 12. Rad1 Nb6 13. Ne5 Nbd5 14. Nxd5 cxd5 15. c3 a6 16. Rfe1 b5 17. Re3 h6 18. Bh4 Rac8 19. Rg3 Ne4 20. Bxe7 Qxe7
21. Rg4 Nf6 22. Rg3 Ne4 23. Rg4 Nf6 24. Rg3 Ne4 25. Rg4=
1/2-1/2

[Event "JAHI"]
[Site "SchemingMind.com"]
[Date "2017.08.08"]
[Round "-"]
[White "Ronald R. Nurmi"]
[Black "kenneth m day"]
[Result "1/2-1/2"]
[WhiteCountry "USA"]
[BlackCountry "USA"]
[WhiteElo "1707"]
[WhiteRD "83"]
[BlackElo "1726"]
[BlackRD "60"]
[GameID "417144"]

1. d4 Nf6 2. Bg5 d5 3. e3 h6 4. Bxf6 exf6 5. c4 dxc4 6. Bxc4 Be6 7. Bd3 Nc6 8. Ne2 Qd7 9. a3 O-O-O 10. O-O Bd6
11. Nbc3 Ne7 12. Ne4 f5 13. Nxd6+ Qxd6 14. Qa4 Kb8 15. b4 Nc6 16. b5 Ne7 17. Rfc1 Nd5 18. Qc2 Rd7 19. Bxf5 g6 20. Be4 Nf6
21. Bf3 Nd5 22. Nc3 Nf6 23. Ne4 Nxe4 24. Qxe4 Bd5 25. Qxd5 Qxd5 26. Bxd5 Rxd5 27. a4 Rhd8 28. Rc3 f5 29. f4 Re8 30. Rac1 Rd7
31. Kf2 Rde7 32. h3=
1/2-1/2

[Event "JAHI"]
[Site "SchemingMind.com"]
[Date "2017.08.09"]
[Round "-"]
[White "felixkronlage"]
[Black "Chessibelle"]
[Result "1-0"]
[WhiteCountry "GER"]
[BlackCountry "ENG"]
[WhiteElo "1302"]
[WhiteRD "74"]
[BlackElo "1174"]
[BlackRD "62"]
[GameID "417192"]

1. c4 d6 2. d4 g6 3. Nf3 Bg7 4. d5 Nf6 5. e3 O-O 6. Bd3 Nbd7 7. O-O c6 8. e4 Nc5 9. e5 Ng4 10. h3 Nh6
11. Bxh6 Bxh6 12. Nh4 f5 13. e6 a6 14. Qf3 Bg7 15. Nd2 Bxb2 16. Rab1 Be5 17. g4 Qa5 18. Nb3 Qxa2 19. gxf5 Qa4 20. Bc2 h5
21. Nxg6 Rf6 22. Qxh5 Kg7 23. Qh8#
1-0

[Event "JAHI"]
[Site "SchemingMind.com"]
[Date "2017.08.09"]
[Round "-"]
[White "Chessibelle"]
[Black "felixkronlage"]
[Result "0-1"]
[WhiteCountry "ENG"]
[BlackCountry "GER"]
[WhiteElo "1174"]
[WhiteRD "62"]
[BlackElo "1302"]
[BlackRD "74"]
[GameID "417193"]

1. e4 e5 2. Nf3 Nc6 3. Nc3 Nf6 4. d3 d5 5. Be3 d4 6. Bd2 Bb4 7. Be2 O-O 8. O-O Bg4 9. a3 dxc3 10. bxc3 Ba5
11. Bc1 Bxc3 12. a4 Bxa1 13. Qd2 Nh5 14. c3 Nf4 15. Ba3 Re8 16. Rxa1 Qf6 17. h3 Bxf3 18. Bxf3 Qg5 19. g4 Nxh3+ 20. Kf1 Qxd2
21. Kg2 Nf4+ 22. Kg3 Qxd3 23. Rc1 f5 24. gxf5 h5 25. Rh1 Ne2+ 26. Kg2 Nf4+ 27. Kg3 Qxc3 28. Bc1 Ne2+ 29. Kg2 Nxc1 30. Rxh5 Nd4
31. Bg4 g6 32. fxg6 Rf8 33. Kf1 Qd3+ 34. Kg2 Qxe4+ 35. Kh3 Rxf2 36. Rh7 Qxg6 37. Rxc7 Qh6+ 38. Kg3 Qh2#
0-1

[Event "JAHI"]
[Site "SchemingMind.com"]
[Date "2017.08.16"]
[Round "-"]
[White "Omahony"]
[Black "nikita68"]
[Result "0-1"]
[WhiteCountry "ENG"]
[BlackCountry "RUS"]
[WhiteElo "1790"]
[WhiteRD "80"]
[BlackElo "2410"]
[BlackRD "64"]
[GameID "417355"]

1. d4 Nf6 2. e3 c5 3. Bd3 d5 4. c3 Nc6 5. Nd2 Bg4 6. Ngf3 e6 7. Qa4 c4 8. Bb1 Bd6 9. b3 cxb3 10. axb3 O-O
11. O-O Re8 12. Ba3 Bc7 13. b4 a6 14. Bd3 e5 15. dxe5 Nxe5 16. Nxe5 Rxe5 17. Qc2 b5 18. Bb2 Qd6 19. g3 Ree8 20. e4 dxe4
21. Nxe4 Nxe4 22. Bxe4 Rad8 23. Rxa6 Qxa6 24. Bxh7+ Kh8 25. Be4 Qh6 26. Bc1 Qe6 27. Bg2 Bf5 28. Qb2 Bd3 29. Be3 Bxf1 30. Bxf1 Rd1
31. Qc2 Red8 32. Kg2 Qd5+ 33. Kg1 Qc4
0-1

[Event "JAHI"]
[Site "SchemingMind.com"]
[Date "2017.08.16"]
[Round "-"]
[White "nikita68"]
[Black "Omahony"]
[Result "1-0"]
[WhiteCountry "RUS"]
[BlackCountry "ENG"]
[WhiteElo "2410"]
[WhiteRD "64"]
[BlackElo "1790"]
[BlackRD "80"]
[GameID "417356"]

1. d4 d5 2. c4 c6 3. Nf3 a6 4. cxd5 cxd5 5. Nc3 Nf6 6. Bf4 Nc6 7. e3 e6 8. a3 Bd6 9. Bg3 Qe7 10. Bd3 Bd7
11. Ne5 Rc8 12. f4 Rc7 13. O-O O-O 14. Qf3 b5 15. Bh4 Qd8 16. Qh3 g6 17. Bxf6 Qxf6 18. Nxd5 exd5 19. Nxd7 Qd8 20. Nxf8 Bxf8
21. f5 Qd6 22. Rf4 Bg7 23. fxg6 hxg6 24. Raf1 Nd8 25. Qh4 Ne6 26. R4f3 Qb6 27. Bxg6 fxg6 28. Rh3 Rf7 29. Qh7+ Kf8 30. Rxf7+ Kxf7
31. Rf3+ Ke7 32. Qxg6 Qc6 33. Rf7+ Kd8 34. h4 Qc1+ 35. Kh2 Qxe3 36. Rxg7 Nxg7 37. Qxg7 Qf4+ 38. Kh3 Qe3+ 39. g3 Qe6+ 40. Qg4 Qf7
41. h5 Qf1+ 42. Kh4 Qh1+ 43. Kg5 Qc1+ 44. Qf4 Qxb2 45. h6 Qb1 46. h7 Qxh7 47. Qb8+
1-0

[Event "JAHI"]
[Site "SchemingMind.com"]
[Date "2017.08.24"]
[Round "-"]
[White "Barry Hampton"]
[Black "echecs"]
[Result "1-0"]
[WhiteCountry "ENG"]
[BlackCountry "ENG"]
[WhiteElo "1894"]
[WhiteRD "88"]
[BlackElo "1790"]
[BlackRD "68"]
[GameID "417478"]

1. Nf3 d5 2. g3 Nc6 3. Bg2 Nf6 4. O-O e6 5. d3 Bd7 6. Nbd2 Be7 7. e4 dxe4 8. dxe4 O-O 9. b3 a6 10. Bb2 Rb8
11. e5 Nd5 12. Ne4 h6 13. c4 Nb6 14. a3 Qc8 15. Qc2 Be8 16. b4 Ra8 17. Rfd1 Kh8 18. c5 Nd5 19. Bc3 Na7 20. Bd2 Nb5
21. Qc1 Rb8 22. Bxh6 Bc6 23. Bg5 b6 24. Bxe7 Nxe7 25. Nd4 Nxd4 26. Rxd4 Qb7 27. Qg5 Nf5 28. Nf6 Nxd4 29. Qh5#
1-0

[Event "JAHI"]
[Site "SchemingMind.com"]
[Date "2017.08.24"]
[Round "-"]
[White "echecs"]
[Black "Barry Hampton"]
[Result "0-1"]
[WhiteCountry "ENG"]
[BlackCountry "ENG"]
[WhiteElo "1790"]
[WhiteRD "68"]
[BlackElo "1894"]
[BlackRD "88"]
[GameID "417479"]

1. e4 e6 2. d4 d5 3. e5 c5 4. c3 Nc6 5. Nf3 Bd7 6. Be2 cxd4 7. cxd4 Nge7 8. O-O Nf5 9. b3 Be7 10. Bb2 Qb6
11. Qd3 O-O 12. Rd1 Rac8 13. Nc3 a6 14. Na4 Qa7 15. h3 Nb4 16. Qd2 Rc2 17. Qf4 Rxe2 18. Ba3 Rxa2 19. Rxa2 Nxa2 20. Bxe7 Nxe7
21. Nc5 Nc3 22. Re1 Bb5 23. Qh4 Nf5 24. Qg5 Ne2+ 25. Kh2 Nexd4 26. b4 Nxf3+ 27. gxf3 b6 28. Nb3 Qe7 29. Qf4 Bc4 30. Nd2 Qh4
31. Qg4 Qxf2+
0-1

[Event "JAHI"]
[Site "SchemingMind.com"]
[Date "2017.08.21"]
[Round "-"]
[White "wight knight"]
[Black "Geoffrey Rosser"]
[Result "0-1"]
[WhiteCountry "ENG"]
[BlackCountry "ENG"]
[WhiteElo "1348"]
[WhiteRD "63"]
[BlackElo "2021"]
[BlackRD "76"]
[GameID "417508"]

1. e4 e5 2. Bc4 Nf6 3. f3 d5 4. Bb3 dxe4 5. d3 exd3 6. Qxd3 Qxd3 7. cxd3 Bf5 8. Bc2 Nc6 9. Be3 O-O-O 10. g4 Bxd3
11. Bxd3 Rxd3 12. Ke2 Nb4 13. Nc3 Rd7 14. Bxa7 b6 15. g5 Nfd5 16. Nxd5 Nxd5 17. Nh3 Kb7 18. Bxb6 Kxb6 19. Rhd1 Bc5 20. a4 Rhd8
21. Rdc1 Nf4+ 22. Nxf4 Rd2+ 23. Ke1 exf4 24. a5+ Kb5 25. a6 Rxh2 26. b4 Rh1+ 27. Ke2 Rxc1 28. Rxc1 Bb6 29. Ra1 Ra8 30. g6 fxg6
31. a7 Rxa7 32. Rxa7 Bxa7 33. Kf1 Kxb4
0-1

[Event "JAHI"]
[Site "SchemingMind.com"]
[Date "2017.08.27"]
[Round "-"]
[White "Helga1946"]
[Black "Olli Ylönen"]
[Result "1-0"]
[WhiteCountry "GER"]
[BlackCountry "FIN"]
[WhiteElo "2265"]
[WhiteRD "60"]
[BlackElo "1856"]
[BlackRD "94"]
[GameID "417659"]

1. e4 c5 2. Nf3 d6 3. d4 cxd4 4. Qxd4 Nc6 5. Qd3 g6 6. Be3 Bg7 7. c3 Nf6 8. Nbd2 O-O 9. Qb5 a6 10. Qb3 Rb8
11. h3 Bd7 12. a4 Qc7 13. Qa2 Rfd8 14. Bc4 e6 15. a5 d5 16. Bb6 Qf4 17. Bxd8 Rxd8 18. exd5 exd5 19. Be2 Re8 20. Kf1 d4
21. Bc4 Re7 22. g3 Qh6 23. Kg2 dxc3 24. bxc3 Kf8 25. Rab1 Bc8 26. Nd4 Nxd4 27. cxd4 Ne8 28. Rbe1 Rxe1 29. Rxe1 Qxh3+ 30. Kg1 Bxd4
31. Qa3+ Kg7 32. Rxe8 Bxf2+ 33. Kxf2 Qh2+ 34. Ke1
1-0